Property into the next millennium. (Record no. 100470)

MARC details
000 -LEADER
fixed length control field 00825cam a2200265 4500
008 - FIXED-LENGTH DATA ELEMENTS--GENERAL INFORMATION
fixed length control field 000000n2000 000 0 eng u
020 ## - INTERNATIONAL STANDARD BOOK NUMBER
International Standard Book Number 0646388061
035 ## - SYSTEM CONTROL NUMBER
System control number (Sirsi) u105762
050 ## - LIBRARY OF CONGRESS CALL NUMBER
Classification number 333.330994
100 ## - MAIN ENTRY--PERSONAL NAME
Personal name Parker, David
-- Editor
245 ## - TITLE STATEMENT
Title Property into the next millennium.
260 ## - PUBLICATION, DISTRIBUTION, ETC.
Place of publication, distribution, etc. Australia
Name of publisher, distributor, etc. Pacific Rim Real Estate Society
Date of publication, distribution, etc. 2000
300 ## - PHYSICAL DESCRIPTION
Extent xxiii,117p. ; 21cm.
350 ## - PRICE (NR) (BK AM CF MU VM SE) [OBSOLETE]
Price A$50.00
520 ## - SUMMARY, ETC.
Summary, etc. Australian Land Economics Review special edition co-sponsored by the RICS Research Foundation.
650 ## - SUBJECT ADDED ENTRY--TOPICAL TERM
Topical term or geographic name entry element ABOUT RICS-RELATED ORGANISATIONS-RICS RESEARCH FOUNDATION
650 ## - SUBJECT ADDED ENTRY--TOPICAL TERM
Topical term or geographic name entry element AUSTRALIA
650 ## - SUBJECT ADDED ENTRY--TOPICAL TERM
Topical term or geographic name entry element PROPERTY MARKET
650 ## - SUBJECT ADDED ENTRY--TOPICAL TERM
Topical term or geographic name entry element PROPERTY INDUSTRY
650 ## - SUBJECT ADDED ENTRY--TOPICAL TERM
Topical term or geographic name entry element FORECASTS
650 ## - SUBJECT ADDED ENTRY--TOPICAL TERM
Topical term or geographic name entry element CHINA
650 ## - SUBJECT ADDED ENTRY--TOPICAL TERM
Topical term or geographic name entry element GLOBALISATION
690 ## - LOCAL SUBJECT ADDED ENTRY--TOPICAL TERM (OCLC, RLIN)
Topical term or geographic name as entry element INTERNATIONAL-AUSTRALASIA
942 ## - ADDED ENTRY ELEMENTS (KOHA)
Suppress in OPAC 0
Holdings
Withdrawn status Lost status Source of classification or shelving scheme Damaged status Not for loan Home library Current library Shelving location Date acquired Total Checkouts Full call number Barcode Date last seen Copy number Price effective from Koha item type
    Dewey Decimal Classification     London London Books 04/05/2000   333.330994 PAR 30061206 06/08/2019 1 06/08/2019 Reference material